The Lincoln Brigade : (Record no. 9700)
[ view plain ]
| 000 -LEADER | |
|---|---|
| fixed length control field | 00639nam a22002177a 4500 |
| 003 - CONTROL NUMBER IDENTIFIER | |
| control field | OSt |
| 005 - DATE AND TIME OF LATEST TRANSACTION | |
| control field | 20140310182131.0 |
| 008 - FIXED-LENGTH DATA ELEMENTS--GENERAL INFORMATION | |
| fixed length control field | 130828t xxu||||| |||| 00| 0 eng d |
| 020 ## - INTERNATIONAL STANDARD BOOK NUMBER | |
| International Standard Book Number | 9780689314063 |
| 050 ## - LIBRARY OF CONGRESS CALL NUMBER | |
| Classification number | DP 269.47.A46 |
| Item number | .K38 1989 |
| 082 ## - DEWEY DECIMAL CLASSIFICATION NUMBER | |
| Classification number | HS 946.081 |
| Item number | .K159 1989 |
| 100 ## - MAIN ENTRY--PERSONAL NAME | |
| Personal name | Katz, William Loren. |
| 9 (RLIN) | 14733 |
| 245 ## - TITLE STATEMENT | |
| Title | The Lincoln Brigade : |
| Remainder of title | a picture history / |
| Statement of responsibility, etc | William Loren Katz and Marc Crawford. |
| 250 ## - EDITION STATEMENT | |
| Edition statement | 1st ed. |
| 260 ## - PUBLICATION, DISTRIBUTION, ETC. (IMPRINT) | |
| Place of publication, distribution, etc | New York : |
| Name of publisher, distributor, etc | Atheneum, |
| Date of publication, distribution, etc | c1989. |
| 300 ## - PHYSICAL DESCRIPTION | |
| Extent | 84 p. : |
| Other physical details | ill, ; |
| Dimensions | 26 cm. |
| 541 ## - IMMEDIATE SOURCE OF ACQUISITION NOTE | |
| -- | 1 |
| 562 ## - COPY AND VERSION IDENTIFICATION NOTE | |
| Number of copies | 1 |
| 650 ## - SUBJECT ADDED ENTRY--TOPICAL TERM | |
| Topical term or geographic name as entry element | Abraham Lincoln Brigade |
| 9 (RLIN) | 14734 |
| 942 ## - ADDED ENTRY ELEMENTS (KOHA) | |
| Source of classification or shelving scheme | Library of Congress Classification |
| Koha item type | |
| Withdrawn status | Lost status | Source of classification or shelving scheme | Damaged status | Home library | Current library | Shelving location | Date acquired | Total Checkouts | Full call number | Barcode | Date last seen | Copy number | Price effective from | Koha item type |
|---|---|---|---|---|---|---|---|---|---|---|---|---|---|---|
| Library of Congress Classification | Luxembourg Library | Luxembourg Library | High School Section | 08/28/2013 | DP 269.47.A46 .K38 1989 | 3816 | 03/06/2018 | 1 | 08/28/2013 | Books |